Statistics for Old Flags - South And North America

Click here to take the quiz!

General Stats

  • This quiz has been taken 53 times
  • The average score is 8 of 8

Answer Stats

Answer% Correct
Mexico
100%
United States of America
100%
Canada
98%
Guatemala
96%
Honduras
96%
Paraguay
96%
Venezuela
91%
Argentina
87%

Score Distribution

Percentile by Number Answered

Percent of People with Each Score

Your Score History

You have not taken this quiz